Potrebuje SRo marketing?

Bibliographic Details
Main Authors: Šimlovičová, Ivana (Author), Mazág, Martin (Author)
Format: Article
Language:Slovak
ISSN:1335-2016
Subjects:

MARC

LEADER 00000nab a2200000 a 4500
001 vtls000807938
003 SK-MaSNL
005 20260426090855.0
008 180206c2002 xo 0 slo
015 |a SNBRB2002/10-33161 
035 |a CLN000159593 
040 |a SNKBUCL  |b slo  |c SNKBUCL  |e AACR2 
041 0 |a slo 
044 |a xo  |c SK 
080 |a 659.1:658.8:654.191(437.6)  |2 UDC-MRF-SK2 
080 |a 658.8  |2 UDC-MRF-SK2 
080 |a 654.191(437.6)  |2 UDC-MRF-SK2 
100 1 |a Šimlovičová, Ivana  |4 aut  |9 838641 
245 1 0 |a Potrebuje SRo marketing?  |c Ivana Šimlovičová, Martin Mazág 
610 2 7 |a Slovenský rozhlas  |2 snkbucl  |9 145763 
650 0 7 |a rozhlas  |2 snkbucl  |9 18755 
650 0 7 |a reklama a propagácia  |2 snkbucl  |9 66573 
650 0 7 |a marketing  |2 snkbucl  |9 2299 
651 7 |a Bratislava (Slovensko)  |2 snkbucl  |9 14568 
655 7 |a články z novín a časopisov  |2 snkbucl  |9 267496 
700 1 |a Mazág, Martin  |4 aut  |9 268485 
773 0 |x 1335-2016  |t Stratégie  |g Roč. 8, august (2002), s. 45 
850 |a Slovenská národná knižnica v Martine 
852 |a SNK  |b KIS3GCP 
958 |a RBX 
999 |c 3006556  |d 3008486